World geography G - Statistics

General Stats
  • This quiz has been taken 80 times
  • The average score is 18 of 25
Answer Stats
Question Answer % Correct
3) Most populous city in Scotland Glasgow
96%
2) Central American countrybordering Mexico to the north Guatemala
96%
9) Ecuadorian islands made known bydiscoveries of Darwin expeditions Galapagos
94%
6) Holiest river in India extending over1500 miles Ganges
94%
25) Large European country, its cities includeMunich, Berlin, and Hamburg Germany
94%
14) French speaking city in far west Switzerland with a lake of the same name Geneva
91%
13) West African nation, its capital is Accra Ghana
88%
10) coastal South American countrybordering Suriname, Venezuela and Brazil Guyana
88%
24) West African nation, its capital is Conakry Guinea
87%
12) Southern Caribbean country, its capitalis St Georges Grenada
85%
16) Former name of France and surroundingregions during the Roman times Gaul
84%
23) Historic Italian port city, capital of theLiguria region Genoa
84%
1) Capital of Botswana Gaborone
78%
22) Largest coral reef in the world, off ofnortheastern Australia Great Barrier Reef
76%
11) Capital of the above country Georgetown
75%
20) Large metropolis in southern Chinaclose to Hong Kong Guangzhou
71%
7) Historic Mexican city where tequila is exclusively produced Guadalajara
69%
19) small state on the west coast of India along the Arabian sea Goa
59%
21) Coastal city in Queensland where the Q1 tower is located Gold Coast
56%
8) Biggest city in Ecuador Guayaquil
50%
15) Port city in western Ireland on theriver Corrib Galway
47%
4) Home to the University of Florida Gainesville
43%
17) mountainous resort town in easternTennessee Gatlinburg
31%
5) Large open bay off the coast ofsouthwestern Australia Great Australian Bight
29%
18) Mountains of which the above town isconsidered the gateway to Great Smoky Mountains
25%
No matching quizzes found
Score Distribution
Percent of People with Each Score
Percentile by Number Answered
Your Score History
You have not taken this quiz